Statistiche per I 15 paesi più pericolosi al mondo

Clicka qui per fare il quiz!

Statistiche generali

  • Questo quiz è stato fatto 242 volte
  • Il punteggio medio è 9 su 15

Statistiche sulle risposte

numeroPaese% Corretto
10Russia
79%
5Iraq
76%
6Afghanistan
72%
3Siria
71%
13Corea del Nord
65%
11Pakistan
65%
8Libia
62%
9Repubblica Democratica del Congo
62%
1Somalia
52%
15Sudan
50%
14Ucraina
50%
4Yemen
48%
12Turchia
45%
2Sud Sudan
37%
7Repubblica Centrafricana
21%

Distribuzione punteggi

Percentile per numero di risposta

Percentuale di utenti per punteggio

I tuoi punteggi nel tempo

Non hai fatto questo quiz